000 00799nam a2200193 a 4500
008 120416s1990 ||||||||||||||||| || u
020 _a0875842348
050 _aHD 3616.U47 Lod
100 _aLodge, George C
245 1 0 _aPerestroika for America: restructuring U.S. business-government relations for competitiveness in the world economy
260 _aBoston, [Mass.]
_bHarvard Business School Press
_c1990
300 _axv, 235p. : ill.
350 _a0.00
500 _aIncludes bibliographical references and index.
650 _aCOMPETITION, INTERNATIONAL
650 _aIndustrial policy--United States
650 _aINDUSTRY
995 _D0.00
_FCBU-MAIN LIBRARY (Kitwe)
_H1
_I22.95
_M1
_UAVAILABLE
_ZAnnex Low-Usage Collection
999 _c53326
_d53326